000 00207 a2200097 4500
001 28904
100 _aWalker, J R
245 _aModern Metal Working
260 _a
_bGoodheart
_c1968
090 _c19318
_d19318
942 _aNUST-CAE
_cM
_c10356
999 _c263977
_d263977